| 000 | 00947nam a22002417a 4500 | ||
|---|---|---|---|
| 999 |
_c21600 _d21600 |
||
| 003 | AR-CdUCM | ||
| 008 | 190312b ||||| |||| 00| 0 spa d | ||
| 020 | _a9786123180973 | ||
| 040 |
_aMUNICIPALIDAD PROVINCIAL DEL CUSCO _cBIBLIOTECA MUNICIPAL DEL CUSCO |
||
| 082 |
_a418.0203/L98 _bL98 |
||
| 100 |
_aLuna, Rosa _945486 |
||
| 245 |
_aDiccionario para profesionales de la traducción : _bterminología básica que todo traductor debe aprender / _cRosa Luna García, Mary Ann Monteagudo Medina |
||
| 260 |
_aLima : _bUniversidad Peruana de Ciencias Aplicadas, _c2017. |
||
| 300 |
_a294 páginas. : _c24 cm. |
||
| 500 | _aTexto a dos columnas. Incluye índice temático. | ||
| 650 |
_aTraducción e interpretación _923137 |
||
| 650 |
_aLengua española _91124 |
||
| 650 |
_aDiccionarios _95105 |
||
| 700 |
_aMonteagudo, Mary Ann _945487 |
||
| 710 |
_aUniversidad Peruana de Ciencias Aplicadas _945331 |
||
| 942 |
_2ddc _cLIBROS |
||
| 945 | _aRoel | ||